| 000 | 00923aab a2200217 4500 | ||
|---|---|---|---|
| 001 | 768714001 | ||
| 003 | CO-MdFUSB | ||
| 005 | 20240613104937.0 | ||
| 008 | 170522s1999 cr ||||| |||| 00| 0 spa d | ||
| 022 | _a1409-1968 | ||
| 040 |
_aCO-MdFUSB _bspa _cCO-MdFUSB _dCO-MdFUSB |
||
| 041 | _aspa | ||
| 100 | 1 |
_aMirón, Abigaíl _eautor |
|
| 245 | 1 | 0 |
_a¡Sola una vez más! : _bconsejos prácticos para la esposa de un hombre que viaja _c/ Abigaíl Mirón |
| 300 |
_aVolumen 16. Número 4 (1999), páginas 36-39 _c: 27 cm. |
||
| 520 | _aDios da una gracia maravillosa para enfrentar cualquier circunstancia. Una de las tareas más difíciles es ser la autoridad de la casa un día y estar bajo autoridad al siguiente. | ||
| 650 | 0 |
_aMujeres _xAspectos religiosos _xCristianismo _9326 |
|
| 773 | 0 |
_tApuntes Pastorales _049442 _960164 _gVolumen 16, número 4 (1999), páginas: 36-39 _qPágina 36 |
|
| 942 | _cANA | ||
| 945 | _aJTF-925 | ||
| 999 |
_c59751 _d59751 |
||